00559nam a2200133 a 4500008004100000050002200041100001700063245017600080260005400256300000900310350000900319650005200328710004500380081126s1987 ||||||||||||||||| || u aGOV.ZAM(02)1987/2 aKaunda, K. D10aHis excellency the president, Dr. K. D. Kaunda addressing a press conference in Mulungushi hall on 13th May, 1987cBy Dr. K. D. Kaunda, President of the Republic of Zambia aLusaka:bUnited National Independence Partyc1987 a29p. a0.00 aPRESIDENTS--ZAMBIA--ADDRESSES, ESSAYS, LECTURES aThe Government of the Republic of Zambia